CRM ako myšlienka

Čo je CRM - v čom je jeho filozofia. CRM v maloobchode. Prečo zaviesť CRM. Hlavné dôvody investovania do CRM. Implementácia CRM v praxi.

Salvato in:
Dettagli Bibliografici
Autore principale: Bokorová, Jana
Natura: Capitolo di libro
Lingua:slovacco
Soggetti:
Tags: Aggiungi Tag
Nessun Tag, puoi essere il primo ad aggiungerne!!

MARC

LEADER 00000naa a2200000 4500
001 r043289
005 20231004093744.6
041 0 |a slo 
044 |a SK 
245 1 0 |a CRM ako myšlienka  |c Jana Bokorová 
520 |a Čo je CRM - v čom je jeho filozofia. CRM v maloobchode. Prečo zaviesť CRM. Hlavné dôvody investovania do CRM. Implementácia CRM v praxi. 
610 2 0 |a riadenie 
610 2 0 |a systémy riadenia 
610 2 0 |a obchodníci 
610 2 0 |a zákazníci 
610 2 0 |a maloobchod 
610 2 0 |a systém CRM 
610 2 0 |a Slovensko 
100 1 |a Bokorová, Jana